Jurassic World: Raptor Squad - Statistics

General Stats
  • This quiz has been taken 776 times
  • The average score is 6 of 7
Answer Stats
Description Member % Correct
Raptor/Beta Blue
99%
Raptor Delta
93%
Main Trainer/Alpha Owen Grady
91%
Raptor Charlie
90%
Raptor Echo
87%
Temporary Alpha Indominus Rex
59%
Secondary Trainer Barry
50%
No matching quizzes found
Score Distribution
Percent of People with Each Score
Percentile by Number Answered
Your Score History
You have not taken this quiz